Pooh's honey tree / (Record no. 1062)

MARC details
000 -LEADER
fixed length control field 01110nam a22003257a 4500
005 - DATE AND TIME OF LATEST TRANSACTION
control field 20230719141116.0
020 ## - INTERNATIONAL STANDARD BOOK NUMBER
International Standard Book Number 0786842539
040 ## - CATALOGING SOURCE
Original cataloging agency InFw
Transcribing agency InFw
Modifying agency NdMin
-- DLC
Language of cataloging eng
050 00 - LIBRARY OF CONGRESS CALL NUMBER
Classification number PZ7.G1277
Item number Poh 1998
082 00 - DEWEY DECIMAL CLASSIFICATION NUMBER
Classification number 479
Edition number 21
100 1# - MAIN ENTRY--PERSONAL NAME
Personal name Gaines, Isabel.
245 10 - TITLE STATEMENT
Title Pooh's honey tree /
Statement of responsibility, etc. adapted by Isabel Gaines ; illustrated by Nancy Stevenson.
250 ## - EDITION STATEMENT
Edition statement 1st ed.
260 ## - PUBLICATION, DISTRIBUTION, ETC.
Place of publication, distribution, etc. New York :
Name of publisher, distributor, etc. Disney Press,
Date of publication, distribution, etc. 1998.
300 ## - PHYSICAL DESCRIPTION
Extent 34 pages :
Other physical details color illustrations ;
Dimensions 23 cm.
490 1# - SERIES STATEMENT
Series statement Disney's a Winnie the Pooh first reader
500 ## - GENERAL NOTE
General note Based on the Pooh stories by A.A. Milne.
505 ## - FORMATTED CONTENTS NOTE
Formatted contents note I <br/>
520 ## - SUMMARY, ETC.
Summary, etc. Winnie the Pooh devises a plan to fool some bees and get honey for his empty tummy.
521 ## - TARGET AUDIENCE NOTE
Target audience note 440<br/>
Source Lexile <br/>
521 ## - TARGET AUDIENCE NOTE
Target audience note I <br/>
Source Raz-Plus <br/>
650 #1 - SUBJECT ADDED ENTRY--TOPICAL TERM
Topical term or geographic name entry element Teddy bears
Form subdivision Fiction.
650 #1 - SUBJECT ADDED ENTRY--TOPICAL TERM
Topical term or geographic name entry element Honey
Form subdivision Fiction.
700 1# - ADDED ENTRY--PERSONAL NAME
Personal name Milne, A. A.
Fuller form of name (Alan Alexander),
Dates associated with a name 1882-1956.
700 1# - ADDED ENTRY--PERSONAL NAME
Personal name Stevenson, Nancy W.,
Relator term illustrator.
906 ## - LOCAL DATA ELEMENT F, LDF (RLIN)
a 7
b cbc
c copycat
d 2
e opcn
f 19
g y-gencatlg
942 ## - ADDED ENTRY ELEMENTS (KOHA)
Source of classification or shelving scheme Dewey Decimal Classification
Koha item type Books
Suppress in OPAC No
999 ## -
-- 1062
-- 1062
Holdings
Withdrawn status Lost status Source of classification or shelving scheme Damaged status Not for loan Collection Home library Current library Shelving location Date acquired Total Checkouts Full call number Barcode Date last seen Date last checked out Price effective from Koha item type
    Dewey Decimal Classification     Fiction Footprints International School Library Network Toul Kork Campus Footprints International School Library Network Toul Kork Campus TK Primary Library Room(4th Floor), Bookcase 1&2, Shelves 1-16, Dark Blue Books 07/19/2023 1 GAI 479 PZ7.G1277 FISBT00075 05/28/2025 03/05/2025 07/19/2023 Books